000
00301nam a22001337a 4500
008
171024b xxu||||| |||| 00| 0 eng d
020
_a
9780471509998
041
_a
eng
080
_a
331
100
_a
55
101
_a
STA
245
_a
ELEMENTARY NUMERICAL ANALYSIS
_c
ATKINSON.K
942
_2
udc
_c
BK
999
_c
35692
_d
35692